Developing a construction procurement strategy and selecting an appropriate route (Record no. 115059)

MARC details
000 -LEADER
fixed length control field 01059cam a22002775a 4500
001 - CONTROL NUMBER
control field L157989
008 - FIXED-LENGTH DATA ELEMENTS--GENERAL INFORMATION
fixed length control field 130926s2013 xxk f 000 0 eng d
020 ## - INTERNATIONAL STANDARD BOOK NUMBER
International Standard Book Number 9781783210213
035 ## - SYSTEM CONTROL NUMBER
System control number (Sirsi) u157989
041 0# - LANGUAGE CODE
Language code of text/sound track or separate title eng
110 2# - MAIN ENTRY--CORPORATE NAME
Corporate name or jurisdiction name as entry element Royal Institution of Chartered Surveyors
9 (RLIN) 4900
245 00 - TITLE STATEMENT
Title Developing a construction procurement strategy and selecting an appropriate route
Medium [electronic resource]
260 ## - PUBLICATION, DISTRIBUTION, ETC.
Place of publication, distribution, etc. London:RICS
Date of publication, distribution, etc. 2013
350 ## - PRICE (NR) (BK AM CF MU VM SE) [OBSOLETE]
Price 30.00
490 ## - SERIES STATEMENT
Series statement RICS Guidance Note
490 #0 - SERIES STATEMENT
Series statement RICS Black Book
520 ## - SUMMARY, ETC.
Summary, etc. The guidance note discusses construction procurement routes and the development of a procurement strategy and offers an explanation of procurement strategy and routes.
521 ## - TARGET AUDIENCE NOTE
Target audience note Advanced
590 ## - LOCAL NOTE (RLIN)
Local note KA
650 #0 - SUBJECT ADDED ENTRY--TOPICAL TERM
Topical term or geographic name entry element BLACK BOOK
650 24 - SUBJECT ADDED ENTRY--TOPICAL TERM
Topical term or geographic name entry element RICS QS AND CONSTRUCTION STANDARDS
650 24 - SUBJECT ADDED ENTRY--TOPICAL TERM
Topical term or geographic name entry element CONSTRUCTION PROCUREMENT
651 #4 - SUBJECT ADDED ENTRY--GEOGRAPHIC NAME
Geographic name ENGLAND AND WALES
856 48 - ELECTRONIC LOCATION AND ACCESS
Uniform Resource Identifier <a href="https://www.rics.org/uk/products/knowledge-and-information-services/">https://www.rics.org/uk/products/knowledge-and-information-services/</a>
Public note item under review please email [email protected]
942 ## - ADDED ENTRY ELEMENTS (KOHA)
Suppress in OPAC 0
Source of classification or shelving scheme Dewey Decimal Classification
Holdings
Withdrawn status Lost status Source of classification or shelving scheme Damaged status Not for loan Home library Current library Shelving location Date acquired Total Checkouts Full call number Barcode Date last seen Copy number Price effective from Koha item type
    Dewey Decimal Classification     London London Folio 26/09/2013   RICS 2013/08 30075053 06/08/2019 2 06/08/2019 Book
    Dewey Decimal Classification     London London Folio 26/09/2013   RICS 2013/08 30075054 06/08/2019 3 06/08/2019 Book
    Dewey Decimal Classification     London London Archive copy 26/09/2013   RICS 2013/08 30075055 06/08/2019 4 06/08/2019 Book
    Dewey Decimal Classification     Virtual Virtual Online 05/03/2015   ONLINE PUBLICATION 157989-3001 06/08/2019 1 06/08/2019 Book